Análisis económico (Registro nro. 5968)

Detalles MARC
000 -LEADER
fixed length control field 02486 a2200241 4500
001 - CONTROL NUMBER
control field 55624
005 - DATE AND TIME OF LATEST TRANSACTION
control field 20260407155829.0
008 - FIXED-LENGTH DATA ELEMENTS--GENERAL INFORMATION
fixed length control field 260407a1963 arg spa d
003 - CONTROL NUMBER IDENTIFIER
control field AR-UNSa-BCEJYS
040 ## - CATALOGING SOURCE
Original cataloging agency AR-UNSa-BCEJYS
Language of cataloging spa
Transcribing agency AR-UNSa-BCEJYS
080 ## - UNIVERSAL DECIMAL CLASSIFICATION NUMBER
Universal Decimal Classification number 330.1
Common auxiliary subdivision Ciencia económica. Conceptos fundamentales de teoría económica. Valor. Capital. Fondos
041 ## - LANGUAGE CODE
Language code of text/sound track or separate title spa
100 1# - MAIN ENTRY--PERSONAL NAME
Personal name Boulding, Kenneth E.
245 10 - TITLE STATEMENT
Title Análisis económico
250 ## - EDITION STATEMENT
Edition statement 8a. ed.
264 #1 - PRODUCTION, PUBLICATION, DISTRIBUTION, MANUFACTURE, AND COPYRIGHT NOTICE
Place of production, publication, distribution, manufacture Madrid :
Name of producer, publisher, distributor, manufacturer Revista de Occidente
Date of production, publication, distribution, manufacture, or copyright notice 1963
300 ## - PHYSICAL DESCRIPTION
Extent xvi, 789 p.
Dimensions 22 cm.
505 ## - FORMATTED CONTENTS NOTE
Formatted contents note 1. La misión y el método del análisis económico - 2. Especialización y cambio: La tarea de la organización económica - 3. Algunas aplicaciones de la teoría elemental del cambio – 4. Determinación del precio en mercados de competencia perfecta - 5. La oferta y la demanda en un mercado de competencia -6. Algunas aplicaciones del análisis de la oferta y la demanda - 7. Producción y consumo. El concepto de precio “normal” - 8. Otras aplicaciones del análisis de la oferta y la demanda – 9. El principio de igual ventaja – 10. Algunas aplicaciones del principio de igual ventaja – 11. La teoría elemental de la distribución – 12. Algunas aplicaciones de la teoría de la distribución – 13. La teoría del dinero – 14. Capital, renta e interés – 15. La banca – 16. Relaciones económicas internacionales e interregionales – 17. Algunas aplicaciones de la renta monetaria – 18. La naturaleza de la empresa económica -19. Formas de organización de la empresa - 20. La empresa y la industria en régimen de competencia perfecta – 21. El equilibrio de la industria en régimen de competencia y la obtención de las curvas de oferta – 22. Construcción de la curva de coste – 23. Estudios superiores en la teoría de la firma y de la industria – 24. La teoría elemental del monopolio – 25. Algunas aplicaciones de la teoría del monopolio – 26. La teoría superior del monopolio – 27. Competencia imperfecta – 28. Algunas aplicaciones de la teoría de la empresa y de la industria – 29. La teoría elemental del consumo – 30. La teoría superior del consumo – 31. Tiempo, producción y valorización – 32. El equilibrio de una empresa en el tiempo – 33. La teoría del interés – 34. Equilibrio, progreso y política.
590 ## - LOCAL NOTE (RLIN)
Local note niveau_biblio:m niveau_hierar:0
700 1# - ADDED ENTRY--PERSONAL NAME
Personal name Bramtot, Juan A.
700 1# - ADDED ENTRY--PERSONAL NAME
Personal name Paredes, Miguel
942 ## - ADDED ENTRY ELEMENTS (KOHA)
Koha item type
Existencias
Withdrawn status Lost status Damaged status Not for loan Home library Current library Shelving location Date acquired Total checkouts Full call number Barcode Date last seen Price effective from Koha item type
        Biblioteca Prof. Eusebio Cleto del Rey Biblioteca Prof. Eusebio Cleto del Rey   07/04/2026   330.1 B763 8ed. L20226 07/04/2026 07/04/2026 Libro
        Biblioteca Prof. Eusebio Cleto del Rey Biblioteca Prof. Eusebio Cleto del Rey   07/04/2026   330.1 B763 8ed. L20772 07/04/2026 07/04/2026 Libro
        Biblioteca Prof. Eusebio Cleto del Rey Biblioteca Prof. Eusebio Cleto del Rey   07/04/2026   330.1 B763 5ed. L20788 07/04/2026 07/04/2026 Libro